000 01178nam a22003977a 4500
003 CHAP
005 20220817044112.0
008 060517d2005 it r 00110 fre d
010 _a92189
011 _a93161
020 _a9252053220
035 _a103733
040 _cCHAP
090 _aFolleto 16853f
110 2 _aFAO
245 1 0 _aQuestions d' étique en matiére de pêche
_c/par FAO
260 _aRome :
_bFAO,
_c2005.
300 _a33 p. :
_bilus.
410 0 0 _aFAO
490 0 _aEstudios FAO: Cuestiones de ética
_v; 4
590 _aBATCH-UPD
_b10
_c20130110
_lUCH01
_h1055
590 _aBATCH-UPD
_b10
_c20130410
_lUCH01
_h0650
590 _aBATCH-UPD
_b10
_c20130914
_lUCH01
_h0636
590 _aBATCH-UPD
_b10
_c20130914
_lUCH01
_h2142
590 _aCONVERSION
_b10
_c20130109
_lUCH01
_h1351
650 1 4 _aBioética.
_912837
650 1 4 _aPesca sostenible.
_987440
650 1 4 _aPesca.
650 1 4 _aPesca
_xLeyes.
_987396
810 0 _aFAO
830 0 _aEstudios FAO: Cuestiones de ética
_v; 4
_938543
901 _aBK
905 _aAlejandra Carrasco M.
942 _cFOLL
949 _aFolleto 16853f
_bBC
_cFOLL
_d33724002004116
_eTS1
_gDonaciØn
_i103733
_sb
999 _c92189
_d92189